| 000 | 00435nam a22001817a 4500 | ||
|---|---|---|---|
| 003 | MPLRDC | ||
| 005 | 20220104164107.0 | ||
| 008 | 210129b ||||| |||| 00| 0 eng d | ||
| 020 | _a978-981-04-9731-6 | ||
| 082 | _a992.77 LIM | ||
| 100 | _aDAVID LIM YEW LEE | ||
| 245 |
_aAGAINST GIANTS _c |
||
| 250 | _a2ND ED. | ||
| 260 |
_aSINGAPORE _bEPIGRAM PTE LTD _c2007 |
||
| 300 | _b164 | ||
| 650 | _aCLIMBING | ||
| 942 |
_cBK _o992.77 LIM |
||
| 999 |
_c56790 _d56780 |
||